| 000 | 00407nam a2200145 i 4500 | ||
|---|---|---|---|
| 001 | 95213 | ||
| 003 | ES-MaACL | ||
| 007 | t| | ||
| 008 | 050524s1906 fr ||||1| fre d | ||
| 100 | 1 |
_aLuquet, Georges-Henri. _974839 |
|
| 245 | 1 | 0 |
_aIdées genérales de Psychologie / _cpar Georges-Henri Luquet. |
| 260 |
_aParis : _bFélix Alcan, _c1906. |
||
| 300 |
_aVII, 295 p. ; _c22 cm. |
||
| 852 |
_aES-MaACL _jB-6857 |
||
| 999 |
_c95213 _d95213 |
||